000 00913nam a2200265Ia 4500
003 OSt
005 20220918173938.0
006 a|||||r|||| 00| 0
007 ta
008 220917b |||||||| |||| 00| 0 eng d
024 _a9,381
037 _cTextual
040 _aARTS
_cARTS
_beng
041 _2eng
_aeng
082 _a24(z)p7211,N80, M3 (2D)
110 _aAtlantic provinces library association conference (Newfoundland)
_948513
245 0 _aProceedings
_b libraries and the law ed by Heather Creech
260 _aLondon
_bVine Press
_c1983
300 _a141p
_ccm.
490 _aDalhousie university libraries and dalhousie university school of library occasional paper; 31
650 _aLIBRARY SCIENCE
700 _aAtlantic provinces library association conference (Newfoundland)
_948514
942 _h24(z)p7211,N80, M3 (2D)
_cTEXL
_2CC
999 _c151030
_d151030